000 00309 a2200157 4500
001 195297
020 _a978-85-990250-2-0
040 _cMagnum
100 _aSso, Ernani
240 1 0 _aOgros
_l
245 1 0 _aOgros
300 _a68
362 0 _a2020
697 _aLITERATURA INFANTO-JUVENIL
942 _cBK
999 _c195297
_d195297